Biggest Cities of the New England Colonies in 1775 with a Map - Statistics

General Stats
  • This quiz has been taken 301 times
  • The average score is 25 of 100
Answers on the Map
Answers color-coded by a green-red scale on the quiz's map according to % correct below.
 
Answer Stats
Population Colony City % Correct
16,000 MA Boston
98%
4,321 RI Providence
93%
5,031 CT Hartford
84%
8,295 CT New Haven
82%
11,000 RI Newport
73%
4,412 MA Nantucket
72%
5,337 MA Salem
71%
1,974 MA Springfield
63%
2,655 MA Plymouth
62%
4,590 NH Portsmouth
59%
3,563 CT Stamford
58%
5,888 CT New London
57%
2,945 RI Glocester
53%
4,512 MA Gloucester
53%
2,755 MA Lynn
49%
2,438 RI Warwick
45%
2,526 CT Danbury
41%
2,776 CT Greenwich
38%
3,239 MA Newbury
38%
3,536 CT Waterbury
38%
7,327 CT Norwich
37%
2,812 MA Barnstable
36%
4,388 CT Norwalk
35%
2,742 MA York
33%
4,508 MA Ipswich
32%
3,259 MA Taunton
32%
3,681 MA Newburyport
31%
4,386 MA Marblehead
29%
2,810 MA Haverhill
28%
6,773 MA Dartmouth
27%
4,863 CT Fairfield
24%
2,127 CT Milford
24%
2,871 MA Braintree
23%
2,991 MA Kittery
23%
4,878 CT Middletown
23%
2,227 MA Yarmouth
23%
2,953 MA Andover
22%
2,200 MA Attleboro
22%
2,449 MA Rochester
22%
2,754 MA Beverly
21%
3,848 CT Groton
21%
4,119 MA Middleborough
21%
1,984 MA Reading
21%
3,601 RI Scituate
21%
2,672 MA Scituate
21%
1,980 CT Salisbury
20%
4,364 MA Bridgewater
19%
1,996 CT Kent
19%
2,056 CT Coventry
17%
2,023 RI Coventry
17%
2,746 MA Lancaster
17%
5,412 CT Stonington
17%
2,284 MA Danvers
16%
2,999 CT East Windsor
16%
3,026 MA Falmouth
16%
2,554 CT Litchfield
16%
4,191 MA Rehoboth
16%
2,125 CT Windsor
16%
6,069 CT Farmington
15%
4,088 CT Lyme
15%
2,087 MA Hingham
13%
2,466 CT Mansfield
13%
2,229 CT Newtown
13%
2,687 CT Saybrook
13%
5,555 CT Stratford
13%
3,315 MA Berwick
12%
3,258 CT Colchester
12%
3,960 CT Lebanon
12%
2,012 CT Sharon
12%
2,888 RI Smithfield
12%
2,160 MA Sudbury
12%
4,915 CT Wallingford
12%
2,595 MA Wells
12%
3,528 CT Windham
12%
2,444 CT Canterbury
11%
2,930 CT Guilford
11%
2,590 NH Londonderry
11%
2,472 RI North Kingstown
11%
2,835 RI South Kingstown
11%
3,489 CT Wethersfield
11%
5,313 CT Woodbury
11%
2,397 CT Chatham
10%
2,071 CT Glastonbury
10%
3,486 CT Killingly
8%
2,776 CT New Milford
8%
3,700 CT Simsbury
8%
2,017 CT Suffield
7%
2,644 MA Sutton
7%
2,879 MA Wrentham
7%
2,241 CT Ashford
6%
2,051 CT Branford
6%
2,808 CT East Haddam
6%
2,337 CT Hebron
6%
2,322 MA Mendon
6%
2,338 CT Preston
6%
2,097 MA Stoughton
6%
2,649 MA Brookfield
5%
1,990 CT Killingworth
5%
2,306 CT Pomfret
5%
2,054 CT Woodstock
5%
No matching quizzes found
Score Distribution
Percent of People with Each Score
Percentile by Number Answered
Your Score History
You have not taken this quiz